[Event "AUTO-INT-2400"]
[Site "http://www.queenalice.com/game.php?id=1090428"]
[Date "2012.8.5"]
[Round "1"]
[White "vcmiranda"]
[Black "marcomasao"]
[Result "0-1"]
[WhiteElo "1445"]
[BlackElo "1662"]

1. b4 e5 2. Bb2 Qf6 3. e4 Bxb4 4. Nf3 Nc6 5. Nc3 Bc5 6. Qe2 Nh6 7. Nd5 Qd6 8.
Qc4 Ng4 9. Be2 Nxf2 10. Rf1 Ng4 11. h3 Nf6 12. O-O-O Na5 13. Qc3 Nxe4 14. Qxa5
b6 15. Bxe5 bxa5 16. Bc4 Qc6 17. Bxg7 Rg8 18. Rfe1 Rxg7 19. Rxe4+ Kf8 20. Rde1
Bb7 21. g4 Rg6 22. Ne5 Qd6 23. Nxg6+ fxg6 24. Rf1+ Kg8 25. d4 Ba3+ 26. Kd1 Bxd5
27. Bxd5+ Qxd5 28. Rfe1 Rb8 29. R1e3 Rb1+ 30. Ke2 Qc4+ 31. Kf3 Qf1+ 32. Kg3 Bd6+
33. Kh4 Qf2+ 0-1

[Event "AUTO-INT-2400"]
[Site "http://www.queenalice.com/game.php?id=1090435"]
[Date "2012.8.5"]
[Round "1"]
[White "Arther"]
[Black "vcmiranda"]
[Result "1-0"]
[WhiteElo "1597"]
[BlackElo "1473"]

1. c4 e5 2. Nc3 Nc6 3. g3 Nf6 4. Bg2 g6 5. e3 Bg7 6. d3 d6 7. Nge2 O-O 8. O-O
Bg4 9. h3 Bxe2 10. Qxe2 Ne7 11. Bxb7 Rb8 12. Bg2 c5 13. b3 h5 14. Nd5 Nexd5 15.
cxd5 Qc7 16. Bd2 Qd7 17. Rac1 Qf5 18. e4 Qd7 19. Qd1 Ne8 20. Rc4 Bf6 21. a3 Kg7
22. b4 Rh8 23. bxc5 dxc5 24. Rxc5 Qd6 25. Bb4 Nc7 26. Rc4 Qb6 27. Qa4 Rhc8 28.
Bc5 Qb7 29. Qxa7 Qb3 30. Rfc1 Qxd3 31. Bd6 Rb2 32. Rxc7 Rxc7 33. Qxc7 Qd4 34.
Bc5 Qd2 35. Be3 Qe2 36. Bf1 Qf3 37. Qc4 g5 38. Bg2 Qe2 39. Qxe2 Rxe2 40. Ra1 g4
41. a4 gxh3 42. Bxh3 Rc2 43. a5 Rc4 44. Bg2 Rc8 45. a6 Ra8 46. Bf1 Be7 47. a7
Kg6 48. Kg2 f5 49. Kf3 f4 50. gxf4 h4 51. Rb1 Kh5 52. Rb8 1-0

[Event "AUTO-INT-2400"]
[Site "http://www.queenalice.com/game.php?id=1090436"]
[Date "2012.8.5"]
[Round "1"]
[White "vcmiranda"]
[Black "Arther"]
[Result "0-1"]
[WhiteElo "1485"]
[BlackElo "1585"]

1. b4 Nf6 2. Bb2 d5 3. Nf3 e6 4. c3 Bd6 5. e3 Bd7 6. a4 O-O 7. d4 Nc6 8. b5 Na5
9. Ba3 Bxa3 10. Nxa3 c6 11. Bd3 g6 12. Ne5 cxb5 13. axb5 Qc7 14. Qd2 Nb3 15. Qb2
Nxa1 16. Qxa1 Be8 17. O-O Nd7 18. Qd1 Nxe5 19. dxe5 Qxe5 20. Qd2 Rc8 21. Nb1 Qd6
22. h3 Qb6 23. Rc1 Bxb5 24. Bxb5 Qxb5 25. Qd4 b6 26. g4 f6 27. h4 Rc4 28. Na3
Rxd4 29. Nxb5 Ra4 30. f4 Rc8 31. Nd6 Rc6 32. Ne8 Kf7 33. g5 Kxe8 34. gxf6 Kf7
35. Rf1 Kxf6 36. c4 Raxc4 37. e4 Rc1 38. e5+ Kf5 39. Rxc1 Rxc1+ 40. Kf2 Rc3 41.
h5 b5 42. hxg6 hxg6 43. Ke2 b4 44. Kd2 a5 45. Ke1 Rc2 46. Kd1 b3 47. Ke1 a4 48.
Kd1 a3 49. Ke1 a2 50. Kd1 a1=R# 0-1

[Event "Fishers "]
[Site "http://www.queenalice.com/game.php?id=1090859"]
[Date "2012.8.6"]
[Round "-"]
[White "acm_chessmaster"]
[Black "vcmiranda"]
[Result "1-0"]
[WhiteElo "1739"]
[BlackElo "1462"]

1. e4 e5 2. Nf3 Nc6 3. Bb5 Nge7 4. d4 a6 5. Bxc6 Nxc6 6. dxe5 d6 7. exd6 Bxd6 8.
O-O Bg4 9. Nbd2 O-O 10. c3 h6 11. Re1 Qd7 12. Qa4 b5 13. Qc2 Qe6 14. Nd4 Qg6 15.
Nxc6 Bh3 16. g3 Qf6 17. e5 Bxe5 18. Nxe5 Rae8 19. Ndf3 Re6 20. Re3 Rfe8 21. Qe2
g5 22. g4 Qf4 23. Re4 Qf6 24. Bd2 Qf5 25. Re1 Qf6 26. c4 Qd8 27. Rd4 Qc8 28. Bc3
f6 29. Re4 Bxg4 30. Kg2 f5 31. Re3 Qb7 32. h3 Bxf3+ 33. Qxf3 Qxf3+ 34. Kxf3 h5
35. cxb5 f4 36. Re4 axb5 37. Nd7 Rxe4 38. Rxe4 Rd8 39. Re7 c6 40. Nf6+ Kf8 41.
Rh7 Rd3+ 42. Kg2 f3+ 43. Kg3 h4+ 44. Kg4 Rd1 45. a3 Rg1+ 46. Kxf3 c5 47. Rb7 Rd1
48. Rxb5 Rd3+ 49. Kg2 g4 50. hxg4 h3+ 51. Kh2 c4 52. Ne4 Kf7 53. Ng5+ Kg6 54.
Nxh3 Kh7 55. Rc5 Rd8 56. Rxc4 Rf8 57. Rc6 Kg8 58. Rc7 Rf3 59. Rg7+ Kf8 60. Kg2
Rxc3 61. bxc3 Kxg7 62. f4 Kf6 63. a4 Ke6 64. a5 Kd6 65. g5 Kc6 66. g6 Kb5 67. g7
Kxa5 68. g8=Q Kb6 69. Qc4 Ka5 70. Qb4+ Ka6 71. c4 Ka7 72. c5 Ka6 73. Qb6# 1-0

[Event "Valendo outro LAKA."]
[Site "http://www.queenalice.com/game.php?id=1091255"]
[Date "2012.8.7"]
[Round "-"]
[White "vcmiranda"]
[Black "MackMendes"]
[Result "0-1"]
[WhiteElo "1438"]
[BlackElo "1832"]

1. e4 e5 2. Nf3 d6 3. Nc3 Nf6 4. d4 g6 5. dxe5 Nfd7 6. Bf4 dxe5 7. Nxe5 Bg7 8.
a4 Bxe5 9. Bxe5 Nxe5 10. Qxd8+ Kxd8 11. g3 Nbc6 12. Bg2 Bg4 13. O-O Nd4 14. f3
Bxf3 15. Bxf3 Ndxf3+ 16. Kg2 c6 17. Rad1+ Ke7 18. Rxf3 Nxf3 19. Kxf3 Rad8 20.
Re1 Rhe8 21. Ne2 f5 22. Nf4 Kf6 23. Re3 fxe4+ 24. Kg2 Rd2+ 25. Kf1 Rxc2 26. b4
Rxh2 27. Kg1 Rb2 28. g4 g5 29. Nh5+ Kg6 30. Kf1 Rd8 31. Ng3 Rd1+ 32. Re1 Rxe1+
33. Kxe1 Rxb4 34. Ke2 Rxa4 35. Ke3 a5 36. Nxe4 Rxe4+ 37. Kxe4 b5 38. Kd3 c5 39.
Kc2 h5 40. gxh5+ Kxh5 41. Kd3 a4 42. Kc2 a3 43. Kb3 b4 44. Kc4 g4 45. Kxc5 a2
46. Kxb4 a1=Q 47. Kc5 g3 48. Kc4 g2 49. Kd5 g1=Q 50. Ke4 Qa5 51. Kd3 Qg4 52. Ke3
Qa3+ 53. Kd2 Qg2+ 0-1

[Event "Challenge"]
[Site "http://www.queenalice.com/game.php?id=1092336"]
[Date "2012.8.11"]
[Round "-"]
[White "vcmiranda"]
[Black "HerbertPaulo"]
[Result "0-1"]
[WhiteElo "1436"]
[BlackElo "2098"]

1. e4 e5 2. Nf3 Nc6 3. Bb5 d6 4. Nc3 Bd7 5. O-O Nf6 6. d3 Be7 7. h3 O-O 8. Bg5
Nd4 9. Bc4 c6 10. Ne2 Nxf3+ 11. gxf3 Bxh3 12. Re1 Be6 13. Bxe6 fxe6 14. Ng3 Nd7
15. Bxe7 Qxe7 16. Kf1 Qf6 17. Ke2 Qxf3+ 18. Kd2 Qxf2+ 19. Kc1 Qxg3 20. Kb1 Rf2
21. b3 Raf8 22. Kb2 Rh2 23. Rc1 Rff2 24. Rg1 Rhg2 25. Rh1 Nf6 26. Ka3 Ng4 27.
Qe1 Ne3 28. Rg1 Rxg1 29. Qxg1 Qxg1 30. Rxg1 Nxc2+ 31. Ka4 Rd2 32. Rg3 b5+ 33.
Ka5 Rd1 34. Ka6 Nb4+ 35. Kxa7 Rxd3 0-1

[Event "Challenge"]
[Site "http://www.queenalice.com/game.php?id=1092337"]
[Date "2012.8.11"]
[Round "-"]
[White "HerbertPaulo"]
[Black "vcmiranda"]
[Result "1-0"]
[WhiteElo "1886"]
[BlackElo "1428"]

1. e4 e5 2. f4 Qh4+ 3. g3 Qe7 4. d3 Nc6 5. Nc3 Nf6 6. Be3 g6 7. Nd5 Nxd5 8. exd5
Nb4 9. Qd2 Nxd5 10. O-O-O Bg7 11. Nf3 d6 12. Bg2 Nxe3 13. Qxe3 Bg4 14. h3 Bxf3
15. Bxf3 c6 16. d4 exf4 17. Qxf4 O-O 18. Rhe1 Qf6 19. Qxf6 Bxf6 20. c3 Rae8 21.
Rf1 Re7 22. Kb1 Rfe8 23. Kc2 Re3 24. Bxc6 bxc6 25. Rxf6 Re2+ 26. Kb3 Rb8+ 27.
Kc4 Rexb2 28. Rxd6 R8b6 29. Re1 Rxa2 30. Re7 Rd2 31. Rxa7 Rb1 32. Rdd7 Rf2 33.
Rac7 Ra1 34. Rxc6 Ra4+ 35. Kb3 Ra5 36. d5 Re2 37. d6 Rb5+ 38. Kc4 Ree5 39. Rd8+
Kg7 40. d7 Rbd5 41. Re8 Rf5 42. d8=B Rd7 43. Bb6 Rfd5 44. Bd4+ Kh6 45. Rec8 f5
46. Be3+ Kg7 47. R8c7 Rd1 48. Bd4+ Rxd4+ 49. cxd4 Rxc7 50. Rxc7+ Kh6 51. d5 g5
52. d6 Kg6 53. d7 h5 54. d8=Q 1-0

[Event "Challenge"]
[Site "http://www.queenalice.com/game.php?id=1095925"]
[Date "2012.8.24"]
[Round "-"]
[White "vcmiranda"]
[Black "acm_chessmaster"]
[Result "0-1"]
[WhiteElo "1434"]
[BlackElo "1736"]

1. e4 e5 2. Nf3 d6 3. d4 Bg4 4. Be2 exd4 5. Nxd4 Bxe2 6. Nxe2 Qe7 7. Nbc3 Nc6 8.
Bf4 O-O-O 9. O-O Nf6 10. Qd3 Ne5 11. Qh3+ Kb8 12. Rad1 Qd7 13. Qe3 Nc4 14. Qc1
Nb6 15. Be3 Be7 16. a3 Qg4 17. h3 Qh5 18. Ng3 Qg6 19. Nf5 Rd7 20. Rd3 h6 21.
Rfd1 Nxe4 22. Nxe4 Qxf5 23. Ng3 Qh7 24. Bxb6 axb6 25. Qe3 c5 26. c4 Rhd8 27. Qf3
Bf6 28. b4 Kc7 29. b5 Be5 30. Ne4 f6 31. a4 f5 32. Nc3 g5 33. g3 f4 34. g4 Qf7
35. Qe4 Re7 36. Qf3 Qxc4 37. Rc1 Bxc3 38. Rdxc3 Qxa4 39. Rb1 Qe4 40. Qd1 Rde8
41. Qd2 Qxb1+ 42. Kh2 Re2 0-1

[Event "Dessa vez eu ganho!! KKK"]
[Site "http://www.queenalice.com/game.php?id=1097674"]
[Date "2012.8.29"]
[Round "-"]
[White "mariana19"]
[Black "vcmiranda"]
[Result "1-0"]
[WhiteElo "1056"]
[BlackElo "1435"]

1. d4 d5 2. Nc3 e5 3. e3 e4 4. Bb5+ Bd7 5. a4 Qf6 6. Nxd5 Qe6 7. Nxc7+ Kd8 8.
Nxe6+ Bxe6 9. b3 Bb4+ 10. Kf1 Ne7 11. Bd2 Bxd2 12. Qxd2 Nbc6 13. a5 Nd5 14. g3
a6 15. Be2 b5 16. c3 f5 17. Nh3 h5 18. Nf4 Bf7 19. b4 g5 20. Ng2 g4 21. Nf4 Nxf4
22. gxf4 Rg8 23. c4 Bxc4 24. Bxc4 bxc4 25. Rc1 Rc8 26. Rxc4 Ne7 27. Rxc8+ Nxc8
28. b5 axb5 29. Qa2 Rg7 30. Qd5+ Ke8 31. Qc6+ Kd8 32. Qxb5 Na7 33. Qxf5 Rb7 34.
Qxh5 Rb1+ 35. Kg2 Rb2 36. Qxg4 Nb5 37. Rd1 Nc3 38. Rc1 Rb3 39. Qg5+ Ke8 40. a6
Kd7 41. a7 Kc7 42. a8=Q Rb8 43. Qxb8+ Kxb8 44. Rxc3 Kb7 45. Rb3+ Kc7 46. Qa5+
Kd7 47. h4 Ke6 48. Rb6+ Kf7 49. f5 Kg7 50. Rg6+ Kf7 51. h5 Ke7 52. Qe5+ Kf7 53.
d5 Kf8 54. Qxe4 Kf7 55. Qe6+ Kf8 56. Qc8+ Kf7 57. h6 Ke7 58. h7 Kf7 59. h8=Q Ke7
60. Qh7# 1-0

[Event "Challenge"]
[Site "http://www.queenalice.com/game.php?id=1098171"]
[Date "2012.8.31"]
[Round "-"]
[White "MackMendes"]
[Black "vcmiranda"]
[Result "1-0"]
[WhiteElo "1894"]
[BlackElo "1430"]

1. e4 e5 2. Nf3 Nc6 3. Bc4 Qf6 4. d3 Nge7 5. Nc3 d6 6. Bg5 Qg6 7. Bxe7 Bxe7 8.
Nd5 O-O 9. Nxc7 Rb8 10. Qd2 Bd8 11. Nd5 Bg4 12. O-O-O Bxf3 13. gxf3 Bg5 14. f4
exf4 15. h4 b5 16. Bxb5 f3 17. hxg5 Rxb5 18. Qc3 Qxg5+ 19. Kb1 Ne7 20. Rdg1 Nxd5
21. exd5 Qe5 22. d4 Qxd5 23. Qe3 Ra5 24. b3 g6 25. Qh6 Re8 26. Qxh7+ Kf8 27.
Qh8+ Ke7 28. Re1+ Kd7 29. Qxe8+ Kc7 30. Re7+ Kb6 31. Qb8+ Qb7 32. Qxb7# 1-0

[Event "Challenge"]
[Site "http://www.queenalice.com/game.php?id=1102393"]
[Date "2012.9.13"]
[Round "-"]
[White "lincolnmarley"]
[Black "vcmiranda"]
[Result "0-1"]
[WhiteElo "1593"]
[BlackElo "1435"]

1. e4 e5 2. Nf3 Nc6 3. Bb5 Nge7 4. O-O a6 5. Ba4 g6 6. d4 exd4 7. Nxd4 Bg7 8.
Be3 O-O 9. c4 d6 10. Nc3 Bd7 11. Bc2 Bxd4 12. Bxd4 Nb4 13. f4 Nxc2 14. Qxc2 c5
15. Bf6 Re8 16. Rf3 Qb6 17. f5 Rac8 18. Rg3 d5 19. exd5 Qxf6 20. fxg6 hxg6 21.
Rf1 Qd4+ 22. Kh1 Bf5 0-1

[Event "Challenge"]
[Site "http://www.queenalice.com/game.php?id=1102394"]
[Date "2012.9.13"]
[Round "-"]
[White "vcmiranda"]
[Black "lincolnmarley"]
[Result "0-1"]
[WhiteElo "1467"]
[BlackElo "1755"]

1. d4 Nf6 2. c4 g6 3. Bg5 Bg7 4. e3 d6 5. Bd3 O-O 6. Nf3 Nbd7 7. Nc3 a6 8. O-O
c6 9. h3 b6 10. b3 Bb7 11. Qe2 Rc8 12. Bxf6 Nxf6 13. Ne4 Nxe4 14. Bxe4 f5 15.
Bd3 e5 16. dxe5 dxe5 17. e4 f4 18. Rad1 Qc7 19. Rd2 c5 20. Rfd1 Rcd8 21. a4 a5
22. Ng5 Qe7 23. h4 h6 24. Nf3 Rd7 25. g3 fxg3 26. fxg3 Rfd8 27. Qe3 Kh7 28. Kf1
Kh8 29. Ke2 Qe6 30. Ke1 Qg4 31. Qf2 Rf8 32. Be2 Rxd2 33. Rxd2 Bxe4 34. Qe3 Bxf3
35. Rd6 Qxg3+ 36. Kd2 Bxe2 37. Qe4 Bh5 38. Qb7 Rf2+ 39. Kc1 Qc3+ 0-1

[Event "Challenge"]
[Site "http://www.queenalice.com/game.php?id=1104316"]
[Date "2012.9.19"]
[Round "-"]
[White "vcmiranda"]
[Black "MackMendes"]
[Result "0-1"]
[WhiteElo "1459"]
[BlackElo "1896"]

1. e4 e5 2. Nf3 Nc6 3. d3 g6 4. Nc3 Nge7 5. Bg5 Bg7 6. g3 O-O 7. Bg2 h6 8. Bxe7
Nxe7 9. O-O c6 10. a3 d5 11. Ne1 d4 12. Ne2 Bg4 13. h3 Be6 14. b3 Qd7 15. g4 h5
16. gxh5 Bxh3 17. Bxh3 Qxh3 18. f3 Bh6 19. Ng2 gxh5 20. Qe1 Kh7 21. Qb4 Rg8 22.
Rf2 Be3 23. Qxe7 Qxg2# 0-1

[Event "Challenge"]
[Site "http://www.queenalice.com/game.php?id=1104745"]
[Date "2012.9.20"]
[Round "-"]
[White "vcmiranda"]
[Black "acm_chessmaster"]
[Result "1-0"]
[WhiteElo "1463"]
[BlackElo "1763"]

1. e4 e5 2. Nf3 Nc6 3. Nc3 Nf6 4. g3 Bc5 5. Qe2 Ng4 6. d4 Bd6 7. d5 Ne7 8. Be3
Nxe3 9. Qxe3 a6 10. Bg2 h6 11. O-O O-O 12. a3 f6 13. b4 b5 14. Rae1 c6 15. Ne2
a5 16. c3 axb4 17. axb4 Bb7 18. Nc1 Ra3 19. h4 Ra1 20. Nb3 Rxe1 21. Rxe1 Bc7 22.
Nc5 Bc8 23. Ra1 Bb6 24. Ra8 Qc7 25. Bh3 Bb7 26. Rxf8+ Kxf8 27. Qd2 Bxc5 28. bxc5
d6 29. dxc6 Qxc6 30. Qd3 Qxc5 31. Be6 Bc8 32. Bxc8 Nxc8 33. Kg2 Ne7 34. Kh2
Qxf2+ 35. Kh3 Qc5 36. Qf1 Qxc3 37. Kg2 Qc6 38. Kh3 h5 39. Nd2 Kf7 40. Qd3 Nf5
41. Qf3 g6 42. Qb3+ Kg7 43. Qe6 Nd4 44. Qe7+ Kh6 45. Qf8+ Kh7 46. Qf7+ Kh6 47.
Qg8 Nf5 48. Qh8# 1-0

[Event "Leo_cx-2"]
[Site "http://www.queenalice.com/game.php?id=1108961"]
[Date "2012.10.3"]
[Round "2"]
[White "vcmiranda"]
[Black "fflores"]
[Result "0-1"]
[WhiteElo "1457"]
[BlackElo "1365"]

1. e4 e5 2. Nf3 Nc6 3. Bb5 Nge7 4. O-O a6 5. Bxc6 Nxc6 6. Nc3 Bc5 7. a3 O-O 8.
b4 Ba7 9. d3 d6 10. Ne2 Bg4 11. Ng3 Nd4 12. h3 Nxf3+ 13. gxf3 Bxh3 14. Re1 c5
15. c3 cxb4 16. axb4 Qh4 17. Re2 Qxg3+ 18. Kh1 Qg2# 0-1

[Event "Challenge"]
[Site "http://www.queenalice.com/game.php?id=1114322"]
[Date "2012.10.20"]
[Round "-"]
[White "vcmiranda"]
[Black "MackMendes"]
[Result "0-1"]
[WhiteElo "1491"]
[BlackElo "1931"]

1. e4 e5 2. Nf3 Nc6 3. Bb5 Nge7 4. d3 g6 5. c4 Bg7 6. Bg5 h6 7. Bxe7 Nxe7 8. Nc3
a6 9. Ba4 O-O 10. Bc2 b6 11. h3 Bb7 12. b4 Nc6 13. O-O Nxb4 14. Rb1 Nxc2 15.
Qxc2 c6 16. a4 Rb8 17. Rbe1 d6 18. Re2 Bc8 19. Rfe1 Be6 20. g4 Qd7 21. Nh2 h5
22. f3 Qe7 23. Qb3 Bh6 24. Kh1 Qh4 25. Qa3 Qxh3 26. Qxd6 hxg4 27. Qxc6 g3 28. a5
Bf4 29. Nd5 Bxd5 30. Qf6 Be6 0-1

[Event "Vamo lah"]
[Site "http://www.queenalice.com/game.php?id=1115842"]
[Date "2012.10.25"]
[Round "-"]
[White "myouga"]
[Black "vcmiranda"]
[Result "0-1"]
[WhiteElo "1364"]
[BlackElo "1489"]

1. d4 Nf6 2. Nc3 d5 3. Bf4 c6 4. e3 Qa5 5. Nf3 Ne4 6. Qd3 Na6 7. Ne5 Nb4 8. Qe2
g5 9. Bg3 Bf5 10. Qf3 Nxc2+ 11. Kd1 Nxa1 12. Qxf5 Nxc3+ 13. bxc3 Qa4+ 14. Ke1
Bh6 15. Qxf7+ Kd8 16. Qe6 Ke8 17. Qxh6 Qa5 18. Qh5+ Kd8 19. Bd3 Qxc3+ 20. Ke2
Qb2+ 21. Kf3 Kc7 22. Rb1 Qc3 23. Qg4 b5 24. Qd7+ Kb6 25. a4 Nb3 26. axb5 Nd2+
27. Kg4 Nxb1 28. Bxb1 cxb5 29. Qxd5 h6 30. Ng6 Rhe8 31. f3 Qa3 32. Qc5+ Qxc5 33.
dxc5+ Kxc5 34. Kh5 Rad8 35. Kxh6 Rd2 36. Kxg5 Rxg2 37. Nf4 Rg1 38. e4 Rxb1 39.
Bf2+ Kc4 40. Bxa7 Rf1 41. h4 Rxf3 42. h5 Rg3+ 43. Kh4 Rg7 44. h6 Rh7 45. Kh5 e5
46. Ng6 Rxa7 47. Nh4 b4 48. Nf3 b3 49. Nd2+ Kc3 50. Nxb3 Kxb3 51. Kg5 Kc4 52.
Kg6 Kd4 53. h7 Kxe4 54. Kh6 Kf5 55. Kh5 Rxh7# 0-1

[Event "2017 eu estou de volta"]
[Site "http://www.queenalice.com/game.php?id=1457208"]
[Date "2016.12.30"]
[Round "-"]
[White "vcmiranda"]
[Black "acm_chessmaster"]
[Result "0-1"]
[WhiteElo "1474"]
[BlackElo "1829"]

1. e4 e5 2. Nf3 Nc6 3. Bb5 Nge7 4. d3 a6 5. Bxc6 Nxc6 6. Nc3 Bb4 7. Bd2 Bxc3 8.
Bxc3 d6 9. b4 b6 10. a4 a5 11. b5 Ne7 12. h4 O-O 13. Bb2 Bg4 14. c4 Ng6 15. g3
Qf6 16. Qd2 Bxf3 17. O-O Nf4 18. Qe3 Ne2+ 19. Kh2 h6 20. Rae1 Nd4 21. Bxd4 exd4
22. Qd2 g5 23. h5 Qe6 24. Qf4 gxf4 25. gxf4 Qg4 26. Rg1 Kh7 27. Rxg4 Bxg4 28. f5
Rg8 29. Kg3 Bxh5+ 30. Kh4 Bf3 31. Ra1 Rg2 32. Rf1 Rag8 33. Rh1 R2g4+ 34. Kh3
R8g5 35. Rg1 Rh5# 0-1